00380nam a2200109Ia 4500008004100000100002100041245004900062260006900111300001100180650001100191856006800202160712s9999 xx 000 0 und d aCuerva, Isabela. cIsabela CuervaaExcerpts from Stubborn Heart c2013bLikhaan: The Journal of Contemporary Philippine Literature avol. 7 xPOETRY uhttp://journals.upd.edu.ph/index.php/lik/issue/view/537/showToc